ROL ASUMIDO POR LOD PADRES O TUTORES EN LOS PROCESOS EDUCATIVOS Y SU INSIDENCIA EN EL RENDIMIENTO ACADEMICO DE LOS ESTUDIANTES DEL CENTRO DEL NIVEL BASICO MENCIA DE PARAISO PERTENECIENTE AL DISTRITO EDUCATIVO 01 02 DE ENRIQUILLO AÑO LECTIVO 2010 2011 (Registro nro. 405)

Detalles MARC
000 -LEADER
campo de control de longitud fija 00946nam a22001937a 4500
001 - NÚMERO DE CONTROL
campo de control 1500
005 - FECHA Y HORA DE LA ÚLTIMA TRANSACCIÓN
campo de control 20250522045537.0
008 - DATOS DE LONGITUD FIJA--INFORMACIÓN GENERAL
campo de control de longitud fija 5230202011 dr a
090 ## - LOCALMENTE ASIGNADO TIPO-LC NÚMERO DE CLASIFICACIÓN (OCLC); NÚMERO DE CLASIFICACIÓN LOCAL (RLIN)
Número de clasificación (OCLC) (R) ; Numero de clasificación, CALL (RLIN) (NR) EDU 2011-017
100 ## - ENTRADA PRINCIPAL--NOMBRE DE PERSONA
Nombre de persona CARRASCO DIAZ, YASMIN
245 ## - MENCIÓN DEL TÍTULO
Título ROL ASUMIDO POR LOD PADRES O TUTORES EN LOS PROCESOS EDUCATIVOS Y SU INSIDENCIA EN EL RENDIMIENTO ACADEMICO DE LOS ESTUDIANTES DEL CENTRO DEL NIVEL BASICO MENCIA DE PARAISO PERTENECIENTE AL DISTRITO EDUCATIVO 01 02 DE ENRIQUILLO AÑO LECTIVO 2010 2011
Mención de responsabilidad, etc. yasmín Carrasco Díaz, Kenia E. Carvajal Moreta.
260 ## - PUBLICACIÓN, DISTRIBUCIÓN, ETC.
Lugar de publicación, distribución, etc. Barahona :
Nombre del editor, distribuidor, etc. UNIVERSIDAD CATOLICA TECNOLOGICA DE BARAHONA
300 ## - DESCRIPCIÓN FÍSICA
Extensión vii, 108, [19]h : il / 28 Cm
Otros detalles físicos il.
502 ## - NOTA DE TESIS
Nota de tesis Tesis (Lic. en Educación Básica). -- UCATEBA
504 ## - NOTA DE BIBLIOGRAFÍA, ETC.
Nota de bibliografía, etc. Nota Incluye Bibliografía
650 ## - PUNTO DE ACCESO ADICIONAL DE MATERIA--TÉRMINO DE MATERIA
Fuente del encabezamiento o término 1.ROL ASUMIDO POR PADRES Y TUTODES EN LOS PROCESOS EDUCATIVOS
650 ## - PUNTO DE ACCESO ADICIONAL DE MATERIA--TÉRMINO DE MATERIA
Fuente del encabezamiento o término 2.INCIDENCIA EN EL RENCIMIENTO ACADEMICO
700 ## - ENTRADA AGREGADA--NOMBRE PERSONAL
Nombre de persona I.CARVAJAL MORETA, KENIA E., COAUT
Existencias
Estatus retirado Estado de pérdida Estado de daño No para préstamo Colección Biblioteca de origen Biblioteca actual Fecha de adquisición Total de préstamos Signatura topográfica completa Código de barras Visto por última vez Copia número Precio de reemplazo Tipo de ítem Koha
        Acervo general de Libros Biblioteca Central Mons. Favio M. Rivas S. Biblioteca Central Mons. Favio M. Rivas S. 20/03/2013   EDU 2011-017 000000000474 23/05/2025 1 23/05/2025 Tesis